| 000 | 00938nam a2200265Ia 4500 | ||
|---|---|---|---|
| 003 | OSt | ||
| 005 | 20220930072719.0 | ||
| 006 | a|||||r|||| 00| 0 | ||
| 007 | ta | ||
| 008 | 220926b |||||||| |||| 00| 0 eng d | ||
| 024 | _a24835 | ||
| 037 | _cTheses | ||
| 040 |
_aCRL _cCRL _beng |
||
| 041 |
_2eng _aeng |
||
| 100 |
_aBaranwal Brajendra Bharat _9530326 |
||
| 110 | _aUniversity of Delhi. Faculty of Medical Sciences. Department of Medicine | ||
| 245 | 0 | _aStudy of cardiac autonomic neuropathy and it's relationship with other diabetic complications in cases of non-insulin dependent diabetes mellitus (NIDDM) | |
| 260 | _c1998 | ||
| 300 |
_a110p. _ap. _ccm. |
||
| 650 | _aMEDICINE | ||
| 700 |
_a Dr A K Agarwal Supervisor _9525336 |
||
| 700 | _aUniversity of Delhi. Faculty of Medical Sciences. Department of Medicine | ||
| 942 |
_cDIS _2CC |
||
| 999 |
_c864237 _d864237 |
||